LDR 00643naa#a2200169#i#450# 001 EN\\bibl\19973 005 20260701152512.3 100 ## _a20260630b2026####ek#y0engy0150####ca 102 ## _aRU 200 1# _aLOGISTIC REGRESSION MODEL FOR DIABETES MELLITUS PREDICTION _eConference article/thesis 210 1# _aVoronezh _cFSBE Institution of Higher Education Voronezh State University of Forestry and Technologies named after G.F. Morozov _d2026 215 ## _a7 с. 608 ## _aConference article/thesis _2local 675 ## _aМетоды решения задач. 004.02 _z 700 #1 _aLeonov _gV. M. 700 #1 _aSaharov _gSergey Leonidovich 856 4# _abibl.vgltu.ru _u